|
|
|
|
| LEADER |
00000nam0a2200000 4500 |
| 001 |
349446 |
| 005 |
20231102010214.0 |
| 035 |
|
|
|a (RuTPU)RU\TPU\retro\1662
|
| 035 |
|
|
|a RU\TPU\retro\1549
|
| 090 |
|
|
|a 349446
|
| 100 |
|
|
|a 20180514d1956 km y0rusy50 ca
|
| 101 |
0 |
|
|a rus
|
| 102 |
|
|
|a RU
|
| 105 |
|
|
|a a z 000zy
|
| 200 |
1 |
|
|a Абразивы
|h Вып.17
|e информационные материалы по научно-исследовательским и технологическим работам
|f Всесоюзный научно-исследовательский институт абразивов и шлифования (ВНИИАШ) ; под ред. В. А. Рыбакова
|
| 210 |
|
|
|a Москва
|c Центральное бюро технической информации
|d 1956
|
| 215 |
|
|
|a 60 с.
|c ил.
|
| 606 |
1 |
|
|a Абразивы
|2 stltpush
|3 (RuTPU)RU\TPU\subj\66
|9 29108
|
| 610 |
1 |
|
|a карбид кремния
|
| 610 |
1 |
|
|a примеси
|
| 610 |
1 |
|
|a печи
|
| 610 |
1 |
|
|a плавка
|
| 610 |
1 |
|
|a эксплуатация
|
| 610 |
1 |
|
|a шлифовальные круги
|
| 610 |
1 |
|
|a резание
|
| 610 |
1 |
|
|a резина
|
| 610 |
1 |
|
|a истираемость
|
| 610 |
1 |
|
|a газопроницаемость
|
| 610 |
1 |
|
|a абразивные инструменты
|
| 610 |
1 |
|
|a информационные материалы
|
| 675 |
|
|
|a 621.921
|v 4
|
| 702 |
|
1 |
|a Рыбаков
|b В. А.
|4 340
|
| 712 |
0 |
2 |
|a Всесоюзный научно-исследовательский институт абразивов и шлифования (ВНИИАШ)
|c (Санкт-Петербург)
|c (1931-1992)
|2 stltpush
|3 (RuTPU)RU\TPU\col\21138
|
| 801 |
|
1 |
|a RU
|b 63413507
|c 20180508
|
| 801 |
|
2 |
|a RU
|b 63413507
|c 20180514
|g RCR
|
| 942 |
|
|
|c BK
|